<?xml version="1.0" encoding="UTF-8"?><?xml-stylesheet type="text/xsl" href="static/style.xsl"?><OAI-PMH xmlns="http://www.openarchives.org/OAI/2.0/" xmlns:xsi="http://www.w3.org/2001/XMLSchema-instance" xsi:schemaLocation="http://www.openarchives.org/OAI/2.0/ http://www.openarchives.org/OAI/2.0/OAI-PMH.xsd"><responseDate>2026-04-27T21:28:28Z</responseDate><request verb="GetRecord" identifier="oai:uvadoc.uva.es:10324/5904" metadataPrefix="marc">https://uvadoc.uva.es/oai/request</request><GetRecord><record><header><identifier>oai:uvadoc.uva.es:10324/5904</identifier><datestamp>2021-06-29T09:56:33Z</datestamp><setSpec>com_10324_38</setSpec><setSpec>col_10324_852</setSpec></header><metadata><record xmlns="http://www.loc.gov/MARC21/slim" xmlns:doc="http://www.lyncode.com/xoai" xmlns:xsi="http://www.w3.org/2001/XMLSchema-instance" xmlns:dcterms="http://purl.org/dc/terms/" xsi:schemaLocation="http://www.loc.gov/MARC21/slim http://www.loc.gov/standards/marcxml/schema/MARC21slim.xsd">
<leader>00925njm 22002777a 4500</leader>
<datafield tag="042" ind1=" " ind2=" ">
<subfield code="a">dc</subfield>
</datafield>
<datafield tag="720" ind1=" " ind2=" ">
<subfield code="a">Martínez Pardo, Susana</subfield>
<subfield code="e">author</subfield>
</datafield>
<datafield tag="260" ind1=" " ind2=" ">
<subfield code="c">2014</subfield>
</datafield>
<datafield tag="520" ind1=" " ind2=" ">
<subfield code="a">En el contexto económico actual, caracterizado por una crisis financiera mundial, las empresas se ven obligadas a emprender una lucha constante por subsistir y además, conseguir una posición de liderazgo en el mercado. Por este motivo, resulta interesante analizar la estrategia empresarial de una compañía dedicada a un sector sensible a los ciclos económicos, con el fin de conocer los problemas a los que se enfrentan y los puntos de apoyo que poder utilizarse para desarrollar su ventaja competitiva.&#xd;
Es por ello, que los principales objetivos que se persiguen en la realización de este trabajo son los siguientes:&#xd;
 Conocer la problemática actual del sector de la automoción a través del estudio de una empresa multinacional fabricante de componentes que opera en el mismo.&#xd;
 Analizar detalladamente las características fundamentales del grupo TRW para conocer su historia, entorno, productos, así como su situación económico-financiera, a través del análisis de las cuentas anuales y el cálculo de ratios.&#xd;
 Indagar en la estrategia empresarial de TRW AUTOMOTIVE ESPAÑA, a través del análisis externo e interno de la misma.&#xd;
 Realizar una síntesis de los factores clave de éxito de la empresa y de cómo la estrategia va a permitir alcanzarlos. De esta forma veremos si es posible que TRW mantenga y mejore su posición de liderazgo en el sector</subfield>
</datafield>
<datafield tag="024" ind2=" " ind1="8">
<subfield code="a">http://uvadoc.uva.es/handle/10324/5904</subfield>
</datafield>
<datafield ind1=" " ind2=" " tag="653">
<subfield code="a">Empresas automoción</subfield>
</datafield>
<datafield ind1=" " ind2=" " tag="653">
<subfield code="a">Actividades económico-financieras</subfield>
</datafield>
<datafield tag="245" ind1="0" ind2="0">
<subfield code="a">Análisis de la actividad económico-financiera de TRW Automotive España</subfield>
</datafield>
</record></metadata></record></GetRecord></OAI-PMH>